Harry Potter and the Goblet of Fire - Statistics

General Stats
  • This quiz has been taken 1,396 times
    1,378 since last reset
  • The average score is 24 of 30
Answer Stats
Hint Answer % Correct
Hogwarts Champion Cedric Diggory
98%
The fourth champion Harry Potter
98%
Host school of ↑↑↑ Hogwarts
97%
Durmstrang Champion Viktor Krum
97%
Beauxbatons Champions Fleur Delacour
96%
New Dark Arts teacher Mad Eye Moody
95%
Competition Triwizard Tournament
95%
Champion who died Cedric Diggory
92%
Who saved Ron? (Task 2) Harry Potter
91%
Who saved Hermione? (Task 2) Viktor Krum
91%
Who saved Cho? (Task 2) Cedric Diggory
90%
Who was meant to save Gabrielle? Fleur Delacour
90%
Who saved Gabrielle? (Task 2) Harry Potter
90%
Gillyweed user (Task 2) Harry Potter
90%
Who gave ↑↑↑ the Gillyweed? Dobby / Neville
89%
Person pretending to be Mad Eye Barty Crouch Junior
87%
Who used transfiguration? (Task 2) Viktor Krum
87%
Fleur's Sister Gabrielle Delacour
84%
Durmstrang Headmaster Igor Karkaroff
84%
What did they transfigure into? ↑↑↑ Shark
84%
Beauxbatons Headmaster Madame Maxime
78%
Third Task Maze
78%
First Task Dragons
73%
What did Mad Eye turn Malfoy into? Ferret
73%
Who won the Quidditch World Cup? Ireland
67%
Voldemorts loyal servant Peter Pettigrew (Wormtail)
63%
Second Task Underwater
62%
Fleur is 1/4 what? Veela
50%
Which major event was cancelled? Hogwarts Quidditch Games
44%
What did Sirius get Harry for his birthday? Penknife
9%
No matching quizzes found
Score Distribution
Percent of People with Each Score
Percentile by Number Answered
Your Score History
You have not taken this quiz since the last reset